Bể tự hoại và bể tự hoại cải tiến

में बचाया:
ग्रंथसूची विवरण
मुख्य लेखक: Nguyễn, Việt Anh
स्वरूप: पुस्तक
भाषा:Undetermined
प्रकाशित: Hà Nội Xây Dựng 2007
विषय:
टैग : टैग जोड़ें
कोई टैग नहीं, इस रिकॉर्ड को टैग करने वाले पहले व्यक्ति बनें!
Thư viện lưu trữ: Trung tâm Học liệu Trường Đại học Cần Thơ
LEADER 00575nam a2200181Ia 4500
001 CTU_130785
008 210402s9999 xx 000 0 und d
082 |a 628.742 
082 |b A107 
100 |a Nguyễn, Việt Anh 
245 0 |a Bể tự hoại và bể tự hoại cải tiến 
245 0 |c Nguyễn Việt Anh 
260 |a Hà Nội 
260 |b Xây Dựng 
260 |c 2007 
650 |a Septic tanks.,Waste disposal in the ground.,Sewage disposal, Rural. 
904 |i Minh 
980 |a Trung tâm Học liệu Trường Đại học Cần Thơ